Countries A-Z with the Most Islands - Statistics

General Stats
  • This quiz has been taken 1,128 times
  • The average score is 20 of 24
Answer Stats
Letter Number of islands Country % Correct
I 17,508 Indonesia
97%
J 120,729 Japan
95%
Y >100 Yemen
95%
C 52,455 Canada
94%
D >1000 Democratic Republic of the Congo
94%
O >10 Oman
94%
Q 10 Qatar
94%
U 18,617 United States
94%
Z 53 Zambia
94%
F 178,947 Finland
93%
R 1338 Russia
92%
N 239,057 Norway
91%
S 267,570 Sweden
90%
A 8222 Australia
89%
V 4000 Vietnam
85%
B >1000 Brazil
83%
P 7641 Philippines
83%
G 6000 Greece
79%
H >40 Hungary
74%
K >100 Kenya
74%
E 2355 Estonia
73%
T 1430 Thailand
70%
L >4000 Laos
64%
M 1192 Maldives
51%
No matching quizzes found
Score Distribution
Percent of People with Each Score
Percentile by Number Answered
Your Score History
You have not taken this quiz